| Поле | Инд. | ПП | Название | Значение |
|---|---|---|---|---|
| Тип записи | a | |||
| Библиографический уровень | m | |||
| 001 | Контрольный номер | aa22163388194e71b5dae87679531cf1 | ||
| 005 | Дата корректировки | 20251210141424.2 | ||
| 020 | a | ISBN | 978-5-04-199-273-6 | |
| 080 | a | Индекс УДК | 159.9 | |
| 084 | a | Индекс другой классификации/Индекс ББК | Ю95 | |
| 090 | x | Авторский знак | Ч-49 | |
| a | Полочн. индекс | Ю9 | ||
| 097 | b | Оператор | *Ст* | |
| b | Оператор | *Вин* | ||
| 100 | 1_ | a | Автор | Чернофф М. |
| 245 | 10 | a | Заглавие | 1000+ маленьких привычек для гармоничных отношений |
| b | Продолж. заглавия | перевод с английского | ||
| 260 | a | Место издания | Москва | |
| c | Дата издания | 2024 | ||
| b | Издательство | Эксмо | ||
| b | Издательство | Бомбора | ||
| 300 | a | Объем | 413 с. | |
| 440 | _0 | a | Серия | Психология. Плюс 1 победа |
| 516 | 8_ | a | Прим. о типе комп. файла/ данных | Текст : непосредственный |
| 520 | 0_ | a | Аннотация | Эта книга дает возможность сделать лучше чей-то день, а может, даже всю жизнь. От вас нужно лишь подарить нуждающемуся свое искреннее присутствие, сострадание и доброту. Делая это, вы также получаете шанс изменить и свою жизнь. Каково это — открыть свое сердце, вместо того чтобы постоянно закрывать его от других? Каково это — замечать свои внутренние сигналы и с их помощью двигаться к личностному росту, душевному покою и гармоничным отношениям? Именно в этом направлении мы и последуем. Мы узнаем, как время, вложенное в создание здоровых отношений, влияет на все остальные сферы жизни |
| 653 | 0_ | a | Ключевые слова | Взаимоотношения людей |
| a | Ключевые слова | Взаимоотношения в семье | ||
| a | Ключевые слова | Гармоничные отношения | ||
| 655 | a | Жанр/ форма (устаревшее) | *Н* | |
| 700 | 12 | a | Другие авторы | Чернофф Э. |
| 901 | t | Тип документа | m | |
| 905 | b | Дата создания записи обработка | 17.11.25 | |
| 922 | c | Кафедра | Психология, история и философия | |
| 952 | e | Факультет | *ФУСК* | |
| a | Тип литературы для КСУ ВШ | *Н* | ||
| 990 | h | N записи в КСУ для Б/У (DOS) | 60/2024 | |
| 990 | f | Даты поступлений (DOS) | 13.11.24 | |
| g | Размещение заказа (DOS) | пожертвование православного Прихода Успенского | ||
| j | Количество экземпляров (DOS) | 1 |